[Event "Senior Women Russian Championship 2022_HL"]
[Site "Saint-Petersburg, Russia"]
[Date "2022.09.30"]
[Round "7.4"]
[White "Sirotkina, Nina"]
[Black "Mednikova, Svetlana"]
[Result "1-0"]
[TimeControl "Standard: 90min/40moves+30min/end+30sec increment per move starting from move 1"]
[WhiteElo "2190"]
[BlackElo "2092"]

1. d4 {[%clk 01:30:33]} {[%emt 00:00:26]} d5 {[%clk 01:30:46]} {[%emt
00:00:15]} 2. Bf4 {[%clk 01:28:20]} {[%emt 00:02:43]} c5 {[%clk 01:29:59]}
{[%emt 00:01:16]} 3. e3 {[%clk 01:28:18]} {[%emt 00:00:33]} Nc6 {[%clk
01:29:45]} {[%emt 00:00:44]} 4. c3 {[%clk 01:27:29]} {[%emt 00:01:20]} Qb6
{[%clk 01:22:32]} {[%emt 00:07:41]} 5. Qb3 {[%clk 01:20:25]} {[%emt 00:07:35]}
c4 {[%clk 01:21:33]} {[%emt 00:01:28]} 6. Qc2 {[%clk 01:18:14]} {[%emt
00:02:42]} Bf5 {[%clk 01:20:37]} {[%emt 00:01:26]} 7. Qxf5 {[%clk 01:13:09]}
{[%emt 00:05:35]} Qxb2 {[%clk 01:16:46]} {[%emt 00:04:21]} 8. Qxd5 {[%clk
01:13:11]} {[%emt 00:00:28]} Qxa1 {[%clk 01:16:32]} {[%emt 00:00:43]} 9. Qb5
{[%clk 01:13:02]} {[%emt 00:00:39]} O-O-O {[%clk 01:12:59]} {[%emt 00:04:03]}
10. Bxc4 {[%clk 01:12:54]} {[%emt 00:00:39]} e5 {[%clk 01:11:33]} {[%emt
00:01:56]} 11. Ne2 {[%clk 00:51:20]} {[%emt 00:22:04]} exf4 {[%clk 00:52:05]}
{[%emt 00:19:57]} 12. O-O {[%clk 00:49:44]} a6 {[%clk 00:37:36]} {[%emt
00:15:00]} 13. Qb6 {[%clk 00:41:47]} {[%emt 00:08:27]} Rd6 {[%clk 00:34:24]}
{[%emt 00:03:41]} 14. Nd2 {[%clk 00:33:20]} {[%emt 00:08:58]} Qxf1+ {[%clk
00:30:44]} {[%emt 00:04:10]} 15. Kxf1 {[%clk 00:31:42]} {[%emt 00:02:09]} Nf6
{[%clk 00:21:57]} {[%emt 00:09:17]} 16. Qb1 {[%clk 00:25:31]} {[%emt 00:06:40]}
fxe3 {[%clk 00:21:33]} {[%emt 00:00:55]} 17. fxe3 {[%clk 00:25:41]} {[%emt
00:00:20]} g6 {[%clk 00:19:36]} {[%emt 00:02:27]} 18. e4 {[%clk 00:20:53]}
{[%emt 00:05:17]} Ng4 {[%clk 00:19:36]} {[%emt 00:00:30]} 19. h3 {[%clk
00:14:19]} {[%emt 00:07:05]} Ne3+ {[%clk 00:18:12]} {[%emt 00:01:52]} 20. Kg1
{[%clk 00:14:14]} {[%emt 00:00:36]} Bh6 {[%clk 00:17:28]} {[%emt 00:01:14]} 21.
Qe1 {[%clk 00:10:30]} {[%emt 00:04:14]} Rhd8 {[%clk 00:10:51]} {[%emt
00:07:07]} 22. Bb3 {[%clk 00:09:42]} {[%emt 00:01:19]} f5 {[%clk 00:10:30]}
{[%emt 00:00:50]} 23. Qh4 {[%clk 00:04:38]} {[%emt 00:05:33]} g5 {[%clk
00:10:02]} {[%emt 00:00:59]} 24. Qf2 {[%clk 00:04:35]} {[%emt 00:00:34]} f4
{[%clk 00:07:55]} {[%emt 00:02:36]} 25. Nc4 {[%clk 00:04:41]} {[%emt 00:00:23]}
Nxc4 {[%clk 00:06:52]} {[%emt 00:01:34]} 26. Bxc4 {[%clk 00:05:03]} {[%emt
00:00:08]} Rg6 {[%clk 00:05:54]} {[%emt 00:01:27]} 27. e5 {[%clk 00:04:44]}
{[%emt 00:00:50]} Rf8 {[%clk 00:05:31]} {[%emt 00:00:52]} 28. Qf3 {[%clk
00:04:24]} {[%emt 00:00:50]} Kc7 {[%clk 00:05:35]} {[%emt 00:00:26]} 29. Bd5
{[%clk 00:04:10]} {[%emt 00:00:44]} g4 {[%clk 00:03:05]} {[%emt 00:03:00]} 30.
hxg4 {[%clk 00:04:27]} {[%emt 00:00:13]} Ne7 {[%clk 00:02:12]} {[%emt
00:01:24]} 31. Bxb7 {[%clk 00:02:04]} {[%emt 00:02:54]} Kb6 {[%clk 00:02:18]}
{[%emt 00:00:23]} 32. Be4 {[%clk 00:02:15]} {[%emt 00:00:19]} Rg5 {[%clk
00:02:43]} {[%emt 00:00:05]} 33. c4 {[%clk 00:02:14]} {[%emt 00:00:32]} Rfg8
{[%clk 00:02:14]} {[%emt 00:00:59]} 34. Qb3+ {[%clk 00:02:32]} {[%emt
00:00:11]} Kc7 {[%clk 00:02:04]} {[%emt 00:00:41]} 35. Qb7+ {[%clk 00:02:51]}
{[%emt 00:00:10]} Kd8 {[%clk 00:02:32]} {[%emt 00:00:03]} 36. e6 {[%clk
00:02:47]} {[%emt 00:00:33]} Ke8 {[%clk 00:02:29]} {[%emt 00:00:34]} 37. Qb8+
{[%clk 00:02:58]} {[%emt 00:00:19]} Nc8 {[%clk 00:02:49]} {[%emt 00:00:10]} 38.
Qxc8+ {[%clk 00:03:22]} {[%emt 00:00:07]} 1-0

[Event "Senior Women Russian Championship 2022_HL"]
[Site "Saint-Petersburg, Russia"]
[Date "2022.09.30"]
[Round "7.5"]
[White "Fatalibekova, Elena"]
[Black "Khropova, Larisa"]
[Result "1/2-1/2"]
[TimeControl "Standard: 90min/40moves+30min/end+30sec increment per move starting from move 1"]
[WhiteElo "2140"]
[BlackElo "2031"]

1. Nf3 {[%clk 01:30:55]} {[%emt 00:00:04]} d5 {[%clk 01:30:22]} {[%emt
00:00:38]} 2. g3 {[%clk 01:30:29]} {[%emt 00:00:57]} Nf6 {[%clk 01:30:27]}
{[%emt 00:00:25]} 3. Bg2 {[%clk 01:30:53]} {[%emt 00:00:06]} g6 {[%clk
01:30:45]} {[%emt 00:00:12]} 4. c4 {[%clk 01:30:47]} {[%emt 00:00:37]} c6
{[%clk 01:30:46]} {[%emt 00:00:29]} 5. b3 {[%clk 01:30:43]} {[%emt 00:00:34]}
Bg7 {[%clk 01:31:06]} {[%emt 00:00:09]} 6. Bb2 {[%clk 01:31:10]} {[%emt
00:00:02]} O-O {[%clk 01:31:28]} {[%emt 00:00:09]} 7. O-O {[%clk 01:31:20]}
{[%emt 00:00:19]} b6 {[%clk 01:29:50]} {[%emt 00:02:09]} 8. d3 {[%clk
01:31:18]} {[%emt 00:00:31]} Bb7 {[%clk 01:30:07]} {[%emt 00:00:14]} 9. Nbd2
{[%clk 01:31:24]} {[%emt 00:00:23]} Nbd7 {[%clk 01:29:55]} {[%emt 00:00:43]} 10.
cxd5 {[%clk 01:26:53]} {[%emt 00:05:01]} cxd5 {[%clk 01:29:14]} {[%emt
00:01:11]} 11. b4 {[%clk 01:24:26]} {[%emt 00:02:56]} Re8 {[%clk 01:26:22]}
{[%emt 00:03:22]} 12. Qb3 {[%clk 01:18:32]} {[%emt 00:06:25]} e6 {[%clk
01:25:08]} {[%emt 00:01:44]} 13. Rac1 {[%clk 01:16:59]} {[%emt 00:02:02]} Rc8
{[%clk 01:24:57]} {[%emt 00:00:42]} 14. Ne5 {[%clk 01:04:09]} {[%emt 00:13:19]}
Nxe5 {[%clk 01:16:18]} {[%emt 00:09:09]} 15. Bxe5 {[%clk 01:04:36]} {[%emt
00:00:02]} Qe7 {[%clk 01:16:20]} {[%emt 00:00:29]} 16. Nf3 {[%clk 01:03:56]}
{[%emt 00:01:09]} Nd7 {[%clk 01:09:27]} {[%emt 00:07:25]} 17. Bxg7 {[%clk
01:02:39]} {[%emt 00:01:46]} Kxg7 {[%clk 01:09:51]} {[%emt 00:00:06]} 18. Qb2+
{[%clk 00:55:52]} {[%emt 00:07:17]} Qf6 {[%clk 01:09:33]} {[%emt 00:00:47]} 19.
d4 {[%clk 00:56:09]} {[%emt 00:00:13]} Qe7 {[%clk 01:08:18]} {[%emt 00:01:45]}
20. b5 {[%clk 00:55:34]} {[%emt 00:01:07]} a6 {[%clk 01:04:29]} {[%emt
00:04:19]} 21. a4 {[%clk 00:55:59]} {[%emt 00:00:04]} Qd6 {[%clk 01:04:01]}
{[%emt 00:00:57]} 22. e3 {[%clk 00:54:56]} {[%emt 00:01:33]} f6 {[%clk
01:02:38]} {[%emt 00:01:54]} 23. Rfd1 {[%clk 00:51:41]} a5 {[%clk 01:02:03]}
{[%emt 00:01:05]} 24. Ne1 {[%clk 00:50:08]} {[%emt 00:02:03]} Kf7 {[%clk
00:57:59]} {[%emt 00:04:33]} 25. h4 {[%clk 00:49:42]} {[%emt 00:00:56]} Qf8
{[%clk 00:57:20]} {[%emt 00:01:10]} 26. Nd3 {[%clk 00:49:32]} {[%emt 00:00:39]}
Rxc1 {[%clk 00:57:40]} {[%emt 00:00:10]} 27. Rxc1 {[%clk 00:49:58]} {[%emt
00:00:05]} Rc8 {[%clk 00:58:04]} {[%emt 00:00:05]} 28. Nf4 {[%clk 00:41:27]}
{[%emt 00:09:01]} Rxc1+ {[%clk 00:56:06]} {[%emt 00:02:29]} 29. Qxc1 {[%clk
00:41:55]} Qc8 {[%clk 00:56:14]} {[%emt 00:00:23]} 30. Qxc8 {[%clk 00:42:08]}
{[%emt 00:00:17]} Bxc8 {[%clk 00:56:36]} {[%emt 00:00:08]} 31. Bh3 {[%clk
00:42:25]} {[%emt 00:00:12]} f5 {[%clk 00:55:24]} {[%emt 00:01:42]} 32. Nd3
{[%clk 00:42:20]} {[%emt 00:00:35]} Kf6 {[%clk 00:54:56]} {[%emt 00:00:58]} 33.
Bg2 {[%clk 00:41:01]} {[%emt 00:01:49]} h6 {[%clk 00:51:09]} {[%emt 00:04:17]}
34. Bf3 {[%clk 00:36:28]} {[%emt 00:05:03]} Bb7 {[%clk 00:36:29]} {[%emt
00:15:11]} 35. g4 {[%clk 00:35:15]} {[%emt 00:01:42]} e5 {[%clk 00:31:38]}
{[%emt 00:05:22]} 36. dxe5+ {[%emt 00:16:15]} Kxe5 {[%emt 00:01:03]} 1/2-1/2

[Event "Senior Women Russian Championship 2022_HL"]
[Site "Saint-Petersburg, Russia"]
[Date "2022.09.30"]
[Round "7.6"]
[White "Vasiukova, Ekaterina"]
[Black "Titorenko, Natalia I"]
[Result "1/2-1/2"]
[TimeControl "Standard: 90min/40moves+30min/end+30sec increment per move starting from move 1"]
[WhiteElo "1675"]
[BlackElo "2024"]

1. d4 {[%clk 01:30:59]} Nf6 {[%clk 01:30:56]} {[%emt 00:00:04]} 2. Bf4 {[%clk
01:31:21]} {[%emt 00:00:08]} d6 {[%clk 01:30:58]} {[%emt 00:00:28]} 3. Nc3
{[%clk 01:28:50]} {[%emt 00:03:02]} g6 {[%clk 01:30:26]} {[%emt 00:01:02]} 4.
e4 {[%clk 01:27:58]} {[%emt 00:01:21]} Bg7 {[%clk 01:28:27]} {[%emt 00:02:29]}
5. Qd2 {[%clk 01:25:45]} {[%emt 00:02:43]} h6 {[%clk 01:28:17]} {[%emt
00:00:40]} 6. h3 {[%clk 01:19:50]} {[%emt 00:06:25]} c6 {[%clk 01:25:00]}
{[%emt 00:03:48]} 7. O-O-O {[%clk 01:18:10]} {[%emt 00:02:09]} Qa5 {[%clk
01:11:26]} {[%emt 00:14:05]} 8. e5 {[%emt 00:16:16]} Nd5 {[%clk 01:01:35]}
{[%emt 00:05:09]} 9. exd6 {[%clk 01:04:02]} {[%emt 00:04:04]} Nxf4 {[%clk
00:43:08]} {[%emt 00:18:57]} 10. Qxf4 {[%clk 01:03:32]} {[%emt 00:01:00]} e6
{[%clk 00:42:50]} {[%emt 00:00:49]} 11. Nf3 {[%clk 00:56:27]} Nd7 {[%clk
00:40:41]} {[%emt 00:02:39]} 12. Kb1 {[%clk 00:44:45]} {[%emt 00:12:11]} g5
{[%clk 00:30:41]} {[%emt 00:10:31]} 13. Qg3 {[%clk 00:43:11]} {[%emt 00:02:05]}
Nf6 {[%clk 00:22:07]} {[%emt 00:09:04]} 14. Ne5 {[%clk 00:41:38]} {[%emt
00:02:01]} Qd8 {[%clk 00:16:42]} {[%emt 00:05:56]} 15. Nc4 {[%clk 00:39:20]}
{[%emt 00:02:48]} Nd5 {[%clk 00:04:21]} {[%emt 00:12:51]} 16. Nxd5 {[%clk
00:35:55]} {[%emt 00:03:54]} exd5 {[%clk 00:02:10]} {[%emt 00:02:43]} 17. Ne3
{[%clk 00:29:26]} {[%emt 00:06:58]} Be6 {[%clk 00:01:49]} {[%emt 00:00:51]} 18.
Bd3 {[%clk 00:29:43]} {[%emt 00:00:13]} Qd7 {[%clk 00:02:04]} {[%emt 00:00:16]}
19. Be2 {[%clk 00:27:48]} {[%emt 00:02:23]} O-O-O {[%clk 00:02:23]} {[%emt
00:00:12]} 20. Bg4 {[%clk 00:27:21]} {[%emt 00:00:56]} Qxd6 {[%clk 00:02:44]}
{[%emt 00:00:11]} 21. Qxd6 {[%clk 00:27:14]} {[%emt 00:00:37]} Rxd6 {[%clk
00:03:11]} {[%emt 00:00:02]} 22. Nf5 {[%clk 00:27:00]} {[%emt 00:00:44]} Bxf5
{[%clk 00:03:33]} {[%emt 00:00:09]} 23. Bxf5+ {[%clk 00:27:17]} {[%emt
00:00:12]} 1/2-1/2

[Event "Senior Women Russian Championship 2022_HL"]
[Site "Saint-Petersburg, Russia"]
[Date "2022.09.30"]
[Round "7.7"]
[White "Saunina, Ludmila"]
[Black "Ovsiannikova, Tatiana"]
[Result "1-0"]
[TimeControl "Standard: 90min/40moves+30min/end+30sec increment per move starting from move 1"]
[WhiteElo "1902"]
[BlackElo "2009"]

1. c4 {[%clk 01:30:56]} {[%emt 00:00:03]} e5 {[%clk 01:29:56]} {[%emt
00:01:04]} 2. g3 {[%clk 01:31:10]} {[%emt 00:00:16]} Nc6 {[%clk 01:28:55]}
{[%emt 00:01:31]} 3. Bg2 {[%clk 01:31:32]} {[%emt 00:00:08]} g6 {[%clk
01:28:09]} {[%emt 00:01:16]} 4. Nc3 {[%clk 01:31:44]} {[%emt 00:00:18]} Bg7
{[%clk 01:28:13]} {[%emt 00:00:26]} 5. e3 {[%clk 01:32:08]} {[%emt 00:00:06]}
Nge7 {[%clk 01:28:12]} {[%emt 00:00:31]} 6. Nge2 {[%clk 01:32:33]} {[%emt
00:00:05]} O-O {[%clk 01:28:14]} {[%emt 00:00:28]} 7. O-O {[%clk 01:32:02]}
{[%emt 00:01:01]} d6 {[%clk 01:28:19]} {[%emt 00:00:24]} 8. d3 {[%clk
01:32:21]} {[%emt 00:00:12]} h6 {[%clk 01:26:44]} {[%emt 00:02:04]} 9. h3
{[%clk 01:30:54]} {[%emt 00:01:58]} Kh7 {[%clk 01:25:57]} {[%emt 00:01:17]} 10.
Rb1 {[%clk 01:31:07]} {[%emt 00:00:17]} Bd7 {[%clk 01:22:43]} {[%emt 00:03:44]}
11. b4 {[%clk 01:31:03]} {[%emt 00:00:33]} Qc8 {[%clk 01:22:48]} {[%emt
00:00:26]} 12. Kh2 {[%clk 01:30:33]} {[%emt 00:01:00]} f5 {[%clk 01:22:02]}
{[%emt 00:01:15]} 13. b5 {[%clk 01:30:44]} {[%emt 00:00:19]} Nd8 {[%clk
01:22:10]} {[%emt 00:00:22]} 14. Nd5 {[%clk 01:25:21]} {[%emt 00:05:54]} Nxd5
{[%clk 01:21:12]} {[%emt 00:01:27]} 15. cxd5 {[%clk 01:25:39]} {[%emt
00:00:12]} c5 {[%clk 01:19:43]} {[%emt 00:01:59]} 16. bxc6 {[%clk 01:25:48]}
{[%emt 00:00:21]} bxc6 {[%clk 01:19:24]} {[%emt 00:00:49]} 17. d4 {[%clk
01:22:39]} {[%emt 00:03:39]} e4 {[%clk 01:19:11]} {[%emt 00:00:43]} 18. dxc6
{[%clk 01:21:19]} {[%emt 00:01:50]} Bxc6 {[%clk 01:18:06]} {[%emt 00:01:35]} 19.
d5 {[%clk 01:18:39]} {[%emt 00:03:11]} Be8 {[%clk 01:16:43]} {[%emt 00:01:52]}
20. Bb2 {[%clk 01:18:33]} {[%emt 00:00:36]} Qa6 {[%clk 01:15:00]} {[%emt
00:02:13]} 21. Bxg7 {[%clk 01:18:34]} {[%emt 00:00:28]} Kxg7 {[%clk 01:15:27]}
{[%emt 00:00:03]} 22. Qd4+ {[%clk 01:17:33]} {[%emt 00:01:32]} Kh7 {[%clk
01:15:37]} {[%emt 00:00:20]} 23. Rb2 {[%clk 01:17:37]} {[%emt 00:00:26]} Bb5
{[%clk 01:15:27]} {[%emt 00:00:39]} 24. Re1 {[%clk 01:17:32]} {[%emt 00:00:35]}
Rc8 {[%clk 01:13:31]} {[%emt 00:02:27]} 25. Nf4 {[%clk 01:15:12]} {[%emt
00:02:51]} Rc4 {[%clk 01:09:14]} {[%emt 00:04:47]} 26. Qd2 {[%clk 01:15:23]}
{[%emt 00:00:19]} Ra4 {[%clk 01:09:04]} {[%emt 00:00:39]} 27. Reb1 {[%clk
01:13:50]} {[%emt 00:02:04]} Bc4 {[%clk 01:08:08]} {[%emt 00:01:25]} 28. Ne6
{[%clk 01:12:30]} {[%emt 00:01:50]} Nxe6 {[%clk 01:07:18]} {[%emt 00:01:21]} 29.
dxe6 {[%clk 01:12:55]} {[%emt 00:00:05]} Bxe6 {[%clk 01:06:00]} {[%emt
00:01:47]} 30. Bf1 {[%clk 01:13:21]} {[%emt 00:00:05]} Qc8 {[%clk 01:01:12]}
{[%emt 00:05:17]} 31. Rc1 {[%clk 00:56:10]} Qd8 {[%clk 00:54:33]} {[%emt
00:07:09]} 32. Rc6 {[%clk 00:56:23]} {[%emt 00:00:17]} Rf7 {[%clk 00:54:29]}
{[%emt 00:00:34]} 33. Rxd6 {[%clk 00:56:37]} {[%emt 00:00:16]} Qe7 {[%clk
00:54:24]} {[%emt 00:00:34]} 34. Rd8 {[%clk 00:54:10]} {[%emt 00:02:57]} Rxa2
{[%clk 00:52:37]} {[%emt 00:02:17]} 35. Rxa2 {[%clk 00:49:42]} {[%emt
00:04:58]} Bxa2 {[%clk 00:49:27]} {[%emt 00:03:40]} 36. Qxa2 {[%clk 00:50:02]}
{[%emt 00:00:09]} h5 {[%clk 00:48:16]} {[%emt 00:01:41]} 37. h4 {[%clk
00:48:09]} {[%emt 00:02:23]} f4 {[%clk 00:47:04]} {[%emt 00:01:43]} 38. exf4
{[%clk 00:47:50]} {[%emt 00:00:49]} a5 {[%clk 00:40:28]} {[%emt 00:07:07]} 39.
Qd2 {[%clk 00:47:06]} {[%emt 00:01:13]} a4 {[%clk 00:40:30]} {[%emt 00:00:29]}
40. Bc4 {[%clk 01:13:14]} {[%emt 00:04:21]} Rg7 {[%clk 01:00:30]} {[%emt
00:10:30]} 41. Qd4 {[%clk 01:11:48]} {[%emt 00:01:56]} a3 {[%clk 00:58:57]}
{[%emt 00:02:03]} 42. Ra8 {[%clk 01:10:27]} {[%emt 00:01:51]} Qb7 {[%clk
00:55:48]} {[%emt 00:03:39]} 43. Rxa3 {[%clk 01:03:19]} {[%emt 00:07:38]} 1-0

[Event "Senior Women Russian Championship 2022_HL"]
[Site "Saint-Petersburg, Russia"]
[Date "2022.09.30"]
[Round "7.8"]
[White "Kozlovskaya, Valentina"]
[Black "Solomonova, Lidiya"]
[Result "0-1"]
[TimeControl "Standard: 90min/40moves+30min/end+30sec increment per move starting from move 1"]
[WhiteElo "2067"]
[BlackElo "2168"]

1. c4 {[%clk 01:30:58]} {[%emt 00:00:01]} g6 {[%clk 01:30:50]} {[%emt
00:00:10]} 2. Nc3 {[%clk 01:30:59]} {[%emt 00:00:29]} Bg7 {[%clk 01:31:11]}
{[%emt 00:00:09]} 3. g3 {[%clk 01:29:56]} {[%emt 00:01:33]} d6 {[%clk
01:31:27]} {[%emt 00:00:14]} 4. Bg2 {[%clk 01:30:11]} {[%emt 00:00:15]} Nc6
{[%clk 01:31:28]} {[%emt 00:00:29]} 5. d3 {[%clk 01:29:32]} {[%emt 00:01:09]}
Nf6 {[%clk 01:31:34]} {[%emt 00:00:24]} 6. Nf3 {[%clk 01:25:08]} {[%emt
00:04:53]} O-O {[%clk 01:31:43]} {[%emt 00:00:22]} 7. O-O {[%clk 01:25:28]}
{[%emt 00:00:10]} e5 {[%clk 01:31:59]} {[%emt 00:00:14]} 8. h3 {[%clk
01:17:48]} {[%emt 00:08:10]} h6 {[%clk 01:27:14]} {[%emt 00:05:15]} 9. Kh2
{[%clk 01:09:34]} {[%emt 00:08:44]} Be6 {[%clk 01:25:05]} {[%emt 00:02:39]} 10.
e4 {[%clk 01:06:56]} {[%emt 00:03:07]} Kh7 {[%clk 01:15:12]} {[%emt 00:10:24]}
11. Nd5 {[%clk 01:02:15]} {[%emt 00:05:11]} a5 {[%clk 01:07:32]} {[%emt
00:08:10]} 12. a3 {[%clk 01:00:39]} {[%emt 00:02:06]} Nd7 {[%clk 01:06:38]}
{[%emt 00:01:24]} 13. Ne3 {[%clk 00:45:32]} {[%emt 00:15:36]} Nc5 {[%clk
01:04:11]} {[%emt 00:02:58]} 14. Ne1 {[%clk 00:30:31]} Nd4 {[%clk 01:00:14]}
{[%emt 00:04:27]} 15. f4 {[%clk 00:29:56]} {[%emt 00:01:05]} exf4 {[%clk
00:56:47]} {[%emt 00:03:57]} 16. gxf4 {[%clk 00:30:21]} {[%emt 00:00:05]} Ncb3
{[%clk 00:54:37]} {[%emt 00:02:40]} 17. Rb1 {[%clk 00:30:42]} {[%emt 00:00:08]}
Qh4 {[%clk 00:48:26]} {[%emt 00:06:41]} 18. N3c2 {[%clk 00:26:39]} {[%emt
00:04:32]} Nxc1 {[%clk 00:45:18]} {[%emt 00:03:41]} 19. Rxc1 {[%clk 00:26:29]}
{[%emt 00:00:41]} f5 {[%clk 00:41:47]} {[%emt 00:04:00]} 20. Nxd4 {[%clk
00:24:58]} {[%emt 00:02:01]} Bxd4 {[%clk 00:42:10]} {[%emt 00:00:06]} 21. Nc2
{[%clk 00:19:58]} {[%emt 00:05:30]} Bg7 {[%clk 00:39:01]} {[%emt 00:03:39]} 22.
Qe1 {[%clk 00:19:19]} {[%emt 00:01:08]} Qf6 {[%clk 00:36:38]} {[%emt 00:02:55]}
23. Qe2 {[%clk 00:16:51]} {[%emt 00:02:58]} Rae8 {[%clk 00:36:09]} {[%emt
00:00:58]} 24. b4 {[%clk 00:16:08]} {[%emt 00:01:14]} axb4 {[%clk 00:36:21]}
{[%emt 00:00:18]} 25. axb4 {[%clk 00:16:36]} {[%emt 00:00:01]} fxe4 {[%clk
00:35:34]} {[%emt 00:01:18]} 26. dxe4 {[%clk 00:16:21]} {[%emt 00:00:44]} Qh4
{[%clk 00:33:57]} {[%emt 00:02:07]} 27. Qf2 {[%clk 00:11:23]} {[%emt 00:05:28]}
Qxf2 {[%clk 00:33:11]} {[%emt 00:01:17]} 28. Rxf2 {[%clk 00:11:52]} {[%emt
00:00:02]} Rxf4 {[%clk 00:32:27]} {[%emt 00:01:13]} 29. Rxf4 {[%clk 00:11:34]}
{[%emt 00:00:47]} Be5 {[%clk 00:32:52]} {[%emt 00:00:05]} 30. Kh1 {[%clk
00:11:16]} {[%emt 00:00:48]} Bxf4 {[%clk 00:33:14]} {[%emt 00:00:08]} 31. Rf1
{[%clk 00:11:26]} {[%emt 00:00:20]} Be5 {[%clk 00:31:20]} {[%emt 00:02:25]} 32.
Ne3 {[%clk 00:11:31]} {[%emt 00:00:25]} c6 {[%clk 00:30:06]} {[%emt 00:01:44]}
33. b5 {[%clk 00:11:11]} {[%emt 00:00:50]} Ra8 {[%clk 00:29:24]} {[%emt
00:01:12]} 34. bxc6 {[%clk 00:11:24]} {[%emt 00:00:17]} bxc6 {[%clk 00:29:50]}
{[%emt 00:00:04]} 35. Ng4 {[%clk 00:10:37]} {[%emt 00:01:16]} Bxc4 {[%clk
00:28:01]} {[%emt 00:02:20]} 36. Nxe5 {[%clk 00:10:24]} {[%emt 00:00:42]} Bxf1
{[%emt 00:00:08]} 0-1